000 00742nam a2200193Ia 4500
001 12577
003 GE_BSU
008 181216s||||||||xx |||||||||||||| ||und||
040 _cGE_BSU
080 _a633.1(075.3)
245 _aРуководство по апробации сельскохозяйственных культур.
245 _bЗерновые,крупяные и зерно-бобовые культуры
245 _cСост.М.Г.Пруцкова.Ред.Е.С.Минова
260 _c1976
300 _a373стр.илл.24см.
300 _eуказатель сортов с.368
653 _aРуководство по апробации сельскохозяйственных культур
942 _cBK
999 _c45750
_d45750